| 000 | 00802cam a2200313 4500 | ||
|---|---|---|---|
| 001 | J3355 | ||
| 008 | 090401t1995 xxu||||| |||| 00| 0 eng d | ||
| 035 | _a(Sirsi) u54609 | ||
| 041 | _aeng | ||
| 050 | _a333.3370994 | ||
| 110 |
_aBuilding Owners and Managers Association of Australia Limited _92295 |
||
| 245 | _aTenant demand. | ||
| 260 |
_aSydney _bBOMA _c1995 |
||
| 300 | _a47p. ; 30cm. | ||
| 350 | _a0 | ||
| 490 | _aBOMA Leading Edge Research | ||
| 650 | _aAUSTRALIA | ||
| 650 | _aOCCUPIERS REQUIREMENTS | ||
| 650 | _aOFFICES | ||
| 650 | _aSPACE USE | ||
| 650 | _aSYDNEY | ||
| 650 | _aTELECOMMUTING | ||
| 650 | _aTELEWORKING | ||
| 650 | _aTENANT DEMAND | ||
| 690 | _aPROPERTY-COMMERCIAL PROPERTY | ||
| 710 |
_aKnight Frank Hooker _9832 |
||
| 942 | _n0 | ||
| 948 | _c04/03/1997 | ||
| 999 |
_c93487 _d93487 |
||